000 00627cam a2200253 4500
001 J2134
008 090401t1994 xxu||||| |||| 00| 0 eng d
035 _a(Sirsi) u47384
041 _aeng
050 _a333.33709421
110 _aGrimley J R Eve
_9610
245 _aCentral London commentary. - January - July 1994
260 _aLondon
_bGrimley J R Eve
_c1994
300 _a2 pt. ; 30cm.
350 _a0
650 _aCITY OF LONDON
650 _aHOLBORN
650 _aOFFICES
650 _aRENT
650 _aWEST END OF LONDON
690 _aPROPERTY-COMMERCIAL PROPERTY
942 _n0
948 _c04/03/1997
999 _c92114
_d92114